| 000 | 00772cam a2200265 4500500 | ||
|---|---|---|---|
| 005 | 20260405002503.0 | ||
| 041 | _afre | ||
| 042 | _adc | ||
| 100 | 1 | 0 |
_ade Oliveira, Victorine _eauthor |
| 245 | 0 | 0 | _aLecture accompagnée de l’“Odyssée”, d’Homère (extraits) |
| 260 | _c2017. | ||
| 500 | _a66 | ||
| 690 | _aAltérité | ||
| 690 | _aAntiquité | ||
| 690 | _aBarbara Cassin | ||
| 690 | _aCommentaires | ||
| 690 | _aÉtranger | ||
| 690 | _aExtraits | ||
| 690 | _aGrèce | ||
| 690 | _aHomère | ||
| 690 | _aHospitalité | ||
| 690 | _aOdyssée | ||
| 786 | 0 | _nPhilosophie magazine | 111 | 7-8 | 2017-07-01 | p. 45-46 | 1951-1787 | |
| 856 | 4 | 1 | _uhttps://shs.cairn.info/magazine-philosophie-magazine-2017-7-8-page-45?lang=fr&redirect-ssocas=7080 |
| 999 |
_c2058124 _d2058124 |
||